000 00868nam a2200229Ii 4500
003 JO-AjNU
008 230605s9999||||xx |||||||||||||| ||und||
017 _a2004/4/4179
020 _a977-315-074-7
040 _aJO-AjNU
_bara
_erda
_cJO-AjNU
041 _aara
050 1 4 _aPJ6316 2004
100 3 _aتاليف عبد الحميد، عبد الحميد السيد محمد,
_eauthor
_910748
245 0 0 _aفصل المقال في" الوقف، والإمالة، وزيادة همزة الوصل، والإبدال والإعلال"
250 _aط1
264 3 1 _aالقاهرة: المكتبة الازهرية للتراث، 2004
300 _a199ص
336 _atext
_btxt
_2rdacontent
337 _aunmediated
_bn
_2rdamedia
338 _avolume
_bnc
_2rdacarrier
650 4 _aالاعراب-البلاغة-الاملاء-اللغة العربية
_910749
999 _aA1965
_c5533
_d5533